000 00566nam a22001937a 4500
005 20251108164948.0
008 250721s1992 xx 000 0 ara d
082 1 4 _a970/تود
100 1 _aتودوروق، تزفيتان
245 1 0 _aفتح أمريكا :
_bمسألة الآخر /
264 1 _aالقاهرة :
_bسينا للنشر،
_c1992.
300 _a282ص
650 1 7 _aالتاريخ السياسي
650 1 7 _aالرحلات
650 1 7 _aالسفر
700 1 _aالسباعي، بشير
_eترجمة
942 _2ddc
_cBK
999 _c18495
_d18495